Größte deutsche Städte nach Buchstabe - B - Statistiken

Allgemein
  • Dieses Quiz wurde 15.541 mal gespielt
  • Das Durchschnittsergebnis liegt bei 9 aus 20
Antwortstatistiken
Land Einwohner Stadt % Korrekt
- 3.669.491 Berlin
100%
- 567.559 Bremen
95%
NRW 329.673 Bonn
80%
NRW 365.587 Bochum
75%
NRW 334.195 Bielefeld
73%
- 113.643 Bremerhaven
67%
Niedersachsen 249.406 Braunschweig
64%
Brandenburg 72.184 Brandenburg a. d. Havel
63%
Bayern 77.373 Bamberg
55%
Baden-Württemberg 55.185 Baden-Baden
50%
Bayern 74.783 Bayreuth
49%
NRW 117.565 Bottrop
45%
NRW 111.846 Bergisch Gladbach
33%
NRW 71.113 Bocholt
25%
Baden-Württemberg 50.161 Böblingen
24%
Hessen 54.227 Bad Homburg v. d. Höhe
13%
Rheinland-Pfalz 51.170 Bad Kreuznach
13%
NRW 61.601 Bergheim
10%
NRW 54.254 Bad Salzuflen
7%
NRW 48.740 Bergkamen
7%
Keine übereinstimmenden Quizze gefunden
Verteilung der Resultate
Anzahl Personen mit jedem Resultat
Perzentil nach korrekt beantworteten Fragen
Ihre Resultats-Entwicklung
Sie haben dieses Quiz noch nicht gespielt